Vílí princezny. Prvosenka z Diamantového lesa / Poppy Collins ; překlad Lucie Trávníčková
Příběh ze světa módních vílích princezen. Tentokrát víla prvosenka zachraňuje svého zvířecího kamaráda. Diamantovým lesem se prohnala divoká bouře a zničila králíčkovi Nadýchánkovi domeček. Chudinka malý králíček teď nemá kde bydlet! Dokáže mu vílí princezna Prvosenka najít nový domov? Nakladatelská anotace.
Record details
- ISBN: 978-80-271-3293-5
- Physical Description: 86 stran : ilustrace ; 21 cm
- Edition: První vydání
- Publisher: Praha : Bambook, 2021
Content descriptions
| General Note: | Přeloženo z angličtiny Ilustrace David Shephard |
| Target Audience Note: | Pro čtenářky od 7 let |
Search for related items by subject
| Genre: | anglicky psané příběhy publikace pro děti stories in English children's literature |
Available copies
- 1 of 1 copy available at Common Catalog SPOK.
Holds
- 0 current holds with 1 total copy.
Show Only Available Copies
| Location | Call Number / Copy Notes | Barcode | Shelving Location | Status | Due Date |
|---|---|---|---|---|---|
| Jabok Library | BL-4.2 | 424480044918 | Beletrie | Available | - |
| LDR | 02186nam a2200517 i 4500 | ||
|---|---|---|---|
| 001 | 52595 | ||
| 003 | CZ-PrJAB | ||
| 005 | 20220207135859.0 | ||
| 007 | ta | ||
| 008 | 211101s2021 xr a b 000 j cze | ||
| 015 | . | ‡acnb003369308 | |
| 020 | . | ‡a978-80-271-3293-5 ‡q(vázáno) : ‡cKč 179,00 | |
| 035 | . | ‡a(CZ PrNK)nkc20213369308 | |
| 035 | . | ‡a(OCoLC)1296108532 | |
| 040 | . | ‡aABG001 ‡bcze ‡dABA001 ‡erda | |
| 041 | 1 | . | ‡acze ‡heng |
| 072 | 7. | ‡a821.111 ‡xAnglická literatura, anglicky psaná ‡2Konspekt ‡925 | |
| 072 | 7. | ‡a821-93 ‡xLiteratura pro děti a mládež (beletrie) ‡2Konspekt ‡926 | |
| 080 | . | ‡a821.111-32 ‡2MRF | |
| 080 | . | ‡a821-93 ‡2MRF | |
| 080 | . | ‡a(0:82-32) ‡2MRF | |
| 100 | 1 | . | ‡aCollins, Poppy ‡7jo20221136180 ‡4aut |
| 240 | 1 | 0. | ‡aPrimrose in Jewel Forest. ‡lČesky |
| 245 | 1 | 0. | ‡aVílí princezny. ‡pPrvosenka z Diamantového lesa / ‡cPoppy Collins ; překlad Lucie Trávníčková |
| 246 | 3 | 0. | ‡aPrvosenka z Diamantového lesa |
| 250 | . | ‡aPrvní vydání | |
| 264 | 1. | ‡aPraha : ‡bBambook, ‡c2021 | |
| 300 | . | ‡a86 stran : ‡bilustrace ; ‡c21 cm | |
| 336 | . | ‡atext ‡btxt ‡2rdacontent | |
| 337 | . | ‡abez média ‡bn ‡2rdamedia | |
| 338 | . | ‡asvazek ‡bnc ‡2rdacarrier | |
| 500 | . | ‡aPřeloženo z angličtiny | |
| 500 | . | ‡aIlustrace David Shephard | |
| 520 | 2 | . | ‡aPříběh ze světa módních vílích princezen. Tentokrát víla prvosenka zachraňuje svého zvířecího kamaráda. ‡bDiamantovým lesem se prohnala divoká bouře a zničila králíčkovi Nadýchánkovi domeček. Chudinka malý králíček teď nemá kde bydlet! Dokáže mu vílí princezna Prvosenka najít nový domov? Nakladatelská anotace. |
| 521 | 8 | . | ‡aPro čtenářky od 7 let |
| 655 | 7. | ‡aanglicky psané příběhy ‡7fd183173 ‡2czenas | |
| 655 | 7. | ‡apublikace pro děti ‡7fd133156 ‡2czenas | |
| 655 | 9. | ‡astories in English ‡2eczenas | |
| 655 | 9. | ‡achildren's literature ‡2eczenas | |
| 700 | 1 | . | ‡aShephard, David ‡7pag2014818547 ‡4ill |
| 700 | 1 | . | ‡aTrávníčková, Lucie ‡7av20211113572 ‡4trl |
| 765 | 1 | . | ‡tFashion fairy princess ‡9Česky |
| 787 | 0 | 8. | ‡iZ cyklu: ‡tVílí princezny |
| 910 | . | ‡aABG312 | |
| 995 | . | ‡aska | |
| 901 | . | ‡a52595 ‡bAUTOGEN ‡c52595 ‡tbiblio | |